[Event "North Island-ch res"]
[Site "Hamilton"]
[Date "1999.??.??"]
[Round "4.4"]
[White "Gold, Hamish R"]
[Black "Heperi, Dallin J N"]
[Result "1-0"]
[WhiteElo "1512"]
[BlackElo "1605"]
[PlyCount "49"]
[EventDate "1999.07.??"]
[EventType "swiss"]
[EventRounds "8"]
[EventCountry "NZL"]
[SourceTitle "EXT 2003"]
[Source "ChessBase"]
[SourceDate "2002.11.25"]
[SourceVersion "1"]
[SourceVersionDate "2002.11.25"]
[SourceQuality "1"]

1. e4 d5 2. exd5 Nf6 3. b3 e6 4. dxe6 Bxe6 5. Bb2 Bd6 6. Nc3 Qe7 7. Qe2 Nc6 8. Nf3 0-0 9. Ne4 Nxe4 10. Qxe4 Rfe8 11. 0-0-0 Ba3 12. Bb5 Qf6 13. d4 Bf5 14. Qh4 Re2 15. Bxe2 Qd6 16. Bd3 Bxd3 17. Rxd3 a5 18. Ng5 h6 19. Ne4 Qf8 20. Rg3 Kh8 21. Ng5 a4 22. Rf3 f5 23. Ne6 Qd6 24. Ng5 Qf6 25. Rg3 1-0

[Event "Dunedin New Year op"]
[Site "Dunedin"]
[Date "1999.??.??"]
[Round "2.9"]
[White "Heperi, Dallin J N"]
[Black "Gillespie, John G"]
[Result "1-0"]
[WhiteElo "1613"]
[BlackElo "1404"]
[PlyCount "69"]
[EventDate "1999.01.??"]
[EventType "swiss"]
[EventRounds "6"]
[EventCountry "NZL"]
[SourceTitle "EXT 2003"]
[Source "ChessBase"]
[SourceDate "2002.11.25"]
[SourceVersion "1"]
[SourceVersionDate "2002.11.25"]
[SourceQuality "1"]

1. e4 e5 2. Bc4 Nf6 3. Qe2 Nc6 4. c3 d6 5. f4 Bg4 6. Nf3 Bxf3 7. gxf3 Nh5 8. d3 Qh4+ 9. Kd1 Nxf4 10. Bxf4 Qxf4 11. Nd2 Be7 12. Rg1 g6 13. Rg4 Qh6 14. Kc2 f5 15. Rg2 0-0-0 16. a4 a5 17. Bb5 Nb8 18. Qf2 c6 19. Bc4 d5 20. exd5 cxd5 21. Bb5 g5 22. Re1 e4 23. fxe4 dxe4 24. Qxf5+ Nd7 25. Rxe4 Qd6 26. Nc4 Qc7 27. Nxa5 Rhf8 28. Qe6 Bc5 29. Nc4 Rf6 30. Bxd7+ Qxd7 31. Qxd7+ Rxd7 32. Rxg5 Rf2+ 33. Kb3 b6 34. Rxc5+ Kb7 35. Rb5 1-0

[Event "North Island-ch res"]
[Site "Hamilton"]
[Date "1999.??.??"]
[Round "3.4"]
[White "Heperi, Dallin J N"]
[Black "Mears, Graham"]
[Result "1-0"]
[WhiteElo "1605"]
[BlackElo "1414"]
[PlyCount "61"]
[EventDate "1999.07.??"]
[EventType "swiss"]
[EventRounds "8"]
[EventCountry "NZL"]
[SourceTitle "EXT 2003"]
[Source "ChessBase"]
[SourceDate "2002.11.25"]
[SourceVersion "1"]
[SourceVersionDate "2002.11.25"]
[SourceQuality "1"]

1. e4 e5 2. Bc4 Nf6 3. Qe2 Nc6 4. c3 d5 5. exd5 Nxd5 6. d4 Qd6 7. f4 Be6 8. fxe5 Qd7 9. Nf3 h6 10. 0-0 Be7 11. a4 a6 12. a5 Na7 13. Rf2 c5 14. Qf1 Qc6 15. Na3 Rc8 16. Bd3 Qc7 17. Bc2 Qxa5 18. Bd2 Qc7 19. c4 Nb4 20. Ba4+ Bd7 21. e6 fxe6 22. Bxd7+ Qxd7 23. Ne5 Qxd4 24. Bc3 Qe3 25. Re1 Qg5 26. Nf7 Qg6 27. Nxh8 Qh7 28. Rf8+ Bxf8 29. Qf7+ Kd8 30. Rd1+ Nd3 31. Ba5+ 1-0